Catálogo
 En Linea

Tratados, convenciones y acuerdos vigentes en la República Dominicana el 1ro de julio de 1946. (Registro nro. 30090)

Detalles MARC
000 -CABECERA
campo de control de longitud fija 00677nam a2200169 a 4500
001 - NÚMERO DE CONTROL
campo de control 000030598
005 - FECHA Y HORA DE LA ÚLTIMA TRANSACCIÓN
campo de control 20200930062411.0
008 - DATOS DE LONGITUD FIJA--INFORMACIÓN GENERAL
campo de control de longitud fija 110524s1946 dr 000 0 spa d
040 ## - FUENTE DE LA CATALOGACIÓN
Centro catalogador/agencia de origen DO-SdBNP
Lengua de catalogación spa
Centro/agencia transcriptor BNPHU
082 ## - NÚMERO DE LA CLASIFICACIÓN DECIMAL DEWEY
Número de clasificación xxx
049 ## - FONDOS LOCALES (OCLC)
Fondos de biblioteca BNPD
130 1# - ENTRADA PRINCIPAL--TÍTULO UNIFORME
Título uniforme República Dominicana
-- Secretaría de Estado de Relaciones exteriores
9 (RLIN) 2814
240 #0 - TÍTULO UNIFORME
Título uniforme [Tratados, convenciones y acuerdos vigentes en la República Dominicana el 1ro de julio de 1946.]
245 #0 - MENCIÓN DE TÍTULO
Título Tratados, convenciones y acuerdos vigentes en la República Dominicana el 1ro de julio de 1946.
260 ## - PUBLICACIÓN, DISTRIBUCIÓN, ETC.
Lugar de publicación, distribución, etc. Ciudad Trujillo, República Dominicana, :
Nombre del editor, distribuidor, etc. Luis Sánchez Andújar,
Fecha de publicación, distribución, etc. 1946.
300 ## - DESCRIPCIÓN FÍSICA
Extensión 62 p. ;
Dimensiones 24 cm.
Existencias
Estado de retiro Estado de pérdida Restricciones de uso No para préstamo Código de colección Localización permanente Ubicación/localización actual Ubicación en estantería Fecha de adquisición Número de inventario Total de préstamos Signatura topográfica completa Código de barras Fecha visto por última vez Precio válido a partir de Tipo de ítem Koha
      Excluido de préstamo Raros y valiosos Patrimonio Dominicano Patrimonio Dominicano En catalogación 24.05.2011 LF1   xxx 30598-10 25.06.2020 25.06.2020 No se presta

Con tecnología Koha